Strategies de la musique (Record n. 73727)
[ formato base ]
| 000 -LEADER | |
|---|---|
| fixed length control field | 01369nam a2200301Ia 4500 |
| 001 - CONTROL NUMBER | |
| control field | 57312 |
| 003 - CONTROL NUMBER IDENTIFIER | |
| control field | IT-RoPAU |
| 008 - FIXED-LENGTH DATA ELEMENTS--GENERAL INFORMATION | |
| fixed length control field | 130308s9999 xx 000 0 und d |
| 040 ## - CATALOGING SOURCE | |
| Original cataloging agency | IT-RoPAU |
| 040 ## - CATALOGING SOURCE | |
| Transcribing agency | IT-RoPAU |
| 041 ## - LANGUAGE CODE | |
| Language code of text/sound track or separate title | FRANCESE |
| 999 ## - SYSTEM CONTROL NUMBERS (KOHA) | |
| Koha Dewey Subclass [OBSOLETE] | SI |
| 100 ## - MAIN ENTRY--PERSONAL NAME | |
| Personal name | Lange Andrè |
| 100 ## - MAIN ENTRY--PERSONAL NAME | |
| Miscellaneous information | Codice Aut. SPICS: 20916 |
| 245 ## - TITLE STATEMENT | |
| Title | Strategies de la musique |
| 245 ## - TITLE STATEMENT | |
| Remainder of title | Strategies de la Musique |
| 250 ## - EDITION STATEMENT | |
| Edition statement | 1a ed. |
| 260 ## - PUBLICATION, DISTRIBUTION, ETC. (IMPRINT) | |
| Place of publication, distribution, etc. | BRUXELLES |
| 260 ## - PUBLICATION, DISTRIBUTION, ETC. (IMPRINT) | |
| Name of publisher, distributor, etc. | Mardaga Pierre |
| 260 ## - PUBLICATION, DISTRIBUTION, ETC. (IMPRINT) | |
| Date of publication, distribution, etc. | 1986 [1° Ed.:1986 - Ed.Ling.Originale:1986] |
| 300 ## - PHYSICAL DESCRIPTION | |
| Extent | "430 p. (prefazione: no ; testo: 430)" |
| 500 ## - GENERAL NOTE | |
| General note | Elementi Teorici di Analisi Socio Economica della Musica Industria della Cultura in Adorno Sociologia delle Pratiche Culturali di Pierre Bourdieu Oligopolio Mondiale contestazione di Industriali e Artigiani Industria fonografica Diritto d'autore e degli interpreti Crisi del Disco Musicassette e Compact Disc telematica Musicale video Musicale Edizione e commercio del Disco nella Comunità Francese del Belgio Strutturazione dei campi Musicali in Belgio Discoteche Canzone e Varietà Rock Musica Classica Jazz Musica Registrata e istituzioni Musicali Disco in Belgio Autori Compositori e Interpretieditori e fabbricanti del Disco |
| 650 ## - SUBJECT ADDED ENTRY--TOPICAL TERM | |
| Topical term or geographic name as entry element | INDUSTRIA MUSICALE |
| 650 ## - SUBJECT ADDED ENTRY--TOPICAL TERM | |
| Relator term | Codice materia Spics: 7006 |
| 942 ## - ADDED ENTRY ELEMENTS (KOHA) | |
| Koha item type | LIBRO |
| 957 ## - | |
| -- | 1 |
| 999 ## - SYSTEM CONTROL NUMBERS (KOHA) | |
| -- | 1 |
| Withdrawn status | Lost status | Damaged status | Not for loan | Home library | Current library | Date acquired | Total Checkouts | Full call number | Date last seen | Price effective from | Koha item type | Public note |
|---|---|---|---|---|---|---|---|---|---|---|---|---|
| Buone Condizioni | Not For Loan | SPICS-MEDIATECA | SPICS-MEDIATECA | 08/03/2013 | 57312 | 08/03/2013 | 08/03/2013 | LIBRO | Progressivo inserimento: 47769 / N. Volumi: 1 Copie: 1 Copia Rara: SI / data import: 1 marzo 2013 - By Epidotti, Trombetti, Vaglietti. |